Представление документа в формате MARC21

Поле Инд. ПП Название Значение
Тип записи a
Библиографический уровень m
001 Контрольный номер RU/LIBMSTU/293295141
005 Дата корректировки 20171208143412.4
008 Кодируемые данные 090429|||||||||ru |||||||||||000|||rus||
020 a ISBN 978-5-468-00175-2
c Цена, тираж 379-50
040 b Код языка каталог. rus
041 0_ a Код языка текста rus
084 a Индекс другой классификации/Индекс ББК 67.408.1
090 a Полочн. индекс 67.408
x Авторский знак У 26
245 10 a Заглавие Уголовное право. Особенная часть
b Продолж. заглавия учебник для вузов
c Ответственность [Ваулина Т. И. и др.] ; отв. ред. И. Я. Козаченко, Г. П. Новоселов
250 a Основные сведения об издании 4-е изд., изм. и доп.
260 a Место издания Москва
b Издательство Норма
c Дата издания 2008
300 a Объем 1006 c.
500 a Примечание Авт. указаны на обороте тит. л.
650 04 a Основная рубрика Уголовное право Российской Федерации-Учебные издания для высших учебных заведений
653 0_ a Ключевые слова Право
653 1_ a Ключевые слова Уголовное право
653 1_ a Ключевые слова Уголовный кодекс
653 1_ a Ключевые слова Законодательство
653 1_ a Ключевые слова Уголовное законодательство
653 1_ a Ключевые слова Преступления против жизни
653 1_ a Ключевые слова Преступления против здоровья
653 1_ a Ключевые слова Преступления против личной свободы
653 1_ a Ключевые слова Преступления против семьи
653 1_ a Ключевые слова Преступления против несовершеннолетних
653 1_ a Ключевые слова Преступления против собственности
653 1_ a Ключевые слова Преступления экономические
653 1_ a Ключевые слова Преступления против общественного порядка
653 1_ a Ключевые слова Преступления против общественной нравственности
653 1_ a Ключевые слова Преступления экологические
653 1_ a Ключевые слова Преступления в сфере компьютерной информации
653 1_ a Ключевые слова Преступления против мира
653 1_ a Ключевые слова Преступления против военной службы
a Ключевые слова Экономические преступления
700 12 a Другие авторы Козаченко И. Я.
e Роль лиц ред.
700 1_ a Другие авторы Новоселов Г. П.
e Роль лиц ред.
901 t Тип документа m
952 b Гриф литературы для ВШ Допущено МОиН РФ
c Вид литературы учебник